000 nam a22 a 4500
999 _c447616
_d447616
003 BLK
005 20220308144426.0
008 220308b bu |||||r|||| 00| | bu d
040 _aBLK
041 _aBUL
_cBUL
080 _aТуризмът от стопанско гледище. Политика по отношение на туризма. Икономика и организация на туризма. Вътрешен и международен туризъм. Вж и 379.8
_b338.48
_x(062)
_z338.48(062)
139 _bС 97
245 _aДоклад Състояние и перспективи на туризма в Русенски окръг
_bИзнесен на Пленум на ОК на БКП, съвместно със сесия на ОНС - Русе
_h[Малотир. изд.]
260 _9218041
_aРусе
_bОК на БКП - Русе
_c1971
300 _a89 с.
_c22 см.
380 _a3
500 _aКомитет по туризма при МС - София, ОК на БКП- Русе, ОНС - Русе.
653 7 _9197520
_aстопански туризъм
852 _bК
_cК 338/С 97
942 _cKNG
_n0
_s1
944 _aCR
_c2022-03-08
_kА.М.
999 _d447616
999 _d447616